Možnosti posílení energetické bezpečnosti Evropské unie

Vybrané aspekty európskej energetickej agendy, ktorá funguje na základe odlišných národných prístupov, než ako sú uvedené pod mechanizmami európskej integrácie. Súčasná podoba energetickej bezpečnosti EÚ a možnosti jej posilnenia.

Gespeichert in:
Bibliographische Detailangaben
1. Verfasser: Machytka, Daniel
Format: Buchkapitel
Sprache:Tschechisch
Schlagworte:
Tags: Tag hinzufügen
Keine Tags, Fügen Sie das erste Tag hinzu!

MARC

LEADER 00000nla a2200000 4500
001 0166499
005 20221207082253.1
041 0 |a cze 
044 |a CZ 
245 1 0 |a Možnosti posílení energetické bezpečnosti Evropské unie  |c Daniel Machytka 
520 |a Vybrané aspekty európskej energetickej agendy, ktorá funguje na základe odlišných národných prístupov, než ako sú uvedené pod mechanizmami európskej integrácie. Súčasná podoba energetickej bezpečnosti EÚ a možnosti jej posilnenia. 
610 2 0 |a Európska únia 
610 2 0 |a integrácia ekonomická 
610 2 0 |a bezpečnosť energetická 
610 2 0 |a politika energetická 
610 2 0 |a zdroje energetické 
610 2 0 |a spolupráca medzinárodná 
100 1 |a Machytka, Daniel